[Event "Benidorm Satellite preliminary"]
[Site "playchess.com #007036"]
[Date "2009.10.24"]
[Round "11"]
[White "Novoselski"]
[Black "Us6"]
[Result "0-1"]
[WhiteElo "2752"]
[BlackElo "2594"]
[PlyCount "166"]
[EventDate "2009.10.24"]
[EventType "swiss (blitz)"]

1. e4 {[%emt 0:00:02]} c5 {[%emt 0:00:14]} 2. Nf3 {[%emt 0:00:01]} d6 {[%emt 0:
00:01]} 3. Bb5+ {[%emt 0:00:03]} Bd7 {[%emt 0:00:01]} 4. Bxd7+ {[%emt 0:00:01]}
Qxd7 {[%emt 0:00:00]} 5. O-O {[%emt 0:00:01]} Nf6 {[%emt 0:00:01]} 6. Re1 {
[%emt 0:00:01]} e6 {[%emt 0:00:01]} 7. c3 {[%emt 0:00:01]} Nc6 {[%emt 0:00:01]}
8. d4 {[%emt 0:00:01]} cxd4 {[%emt 0:00:00]} 9. cxd4 {[%emt 0:00:00]} d5 {
[%emt 0:00:00]} 10. e5 {[%emt 0:00:00]} Ne4 {[%emt 0:00:00]} 11. Nbd2 {[%emt 0:
00:01]} Nxd2 {[%emt 0:00:01]} 12. Bxd2 {[%emt 0:00:00] Us6 offers a draw} Qd8 {
[%emt 0:00:02]} 13. Rc1 {[%emt 0:00:10]} Qb6 {[%emt 0:00:01]} 14. Bc3 {[%emt 0:
00:16]} Bb4 {[%emt 0:00:03]} 15. Qa4 {[%emt 0:00:12]} O-O {[%emt 0:00:17]} 16.
a3 {[%emt 0:00:29]} Bxc3 {[%emt 0:00:06]} 17. bxc3 {[%emt 0:00:00]} Na5 {[%emt
0:00:04]} 18. Nd2 {[%emt 0:00:07]} Rfc8 {[%emt 0:00:10]} 19. Rb1 {[%emt 0:00:
05]} Qc7 {[%emt 0:00:07]} 20. Re3 {[%emt 0:00:06]} b6 {[%emt 0:00:07]} 21. Rh3
{[%emt 0:00:08]} Nc4 {[%emt 0:00:15]} 22. Nxc4 {[%emt 0:00:12]} Qxc4 {[%emt 0:
00:01]} 23. Qc2 {[%emt 0:00:02]} h6 {[%emt 0:00:05]} 24. Qd2 {[%emt 0:00:05]}
Rc6 {[%emt 0:00:05]} 25. Rg3 {[%emt 0:00:02]} Kh8 {[%emt 0:00:05]} 26. Rb4 {
[%emt 0:00:09]} Qa6 {[%emt 0:00:05]} 27. a4 {[%emt 0:00:02]} Rac8 {[%emt 0:00:
13]} 28. h4 {[%emt 0:00:02]} Rc4 {[%emt 0:00:11]} 29. Qf4 {[%emt 0:00:04]} Rxb4
{[%emt 0:00:04]} 30. cxb4 {[%emt 0:00:01]} Rc7 {[%emt 0:00:08]} 31. Qg4 {[%emt
0:00:02]} g6 {[%emt 0:00:08]} 32. Qf4 {[%emt 0:00:03]} Kh7 {[%emt 0:00:06]} 33.
h5 {[%emt 0:00:15]} g5 {[%emt 0:00:08]} 34. Qf6 {[%emt 0:00:02]} Qxa4 {[%emt 0:
00:27]} 35. Rf3 {[%emt 0:00:22]} Qd7 {[%emt 0:00:02]} 36. Rd3 {[%emt 0:00:12]}
Qe7 {[%emt 0:00:06]} 37. Qf3 {[%emt 0:00:02]} Qxb4 {[%emt 0:00:03]} 38. Kh2 {
[%emt 0:00:01]} Qe1 {[%emt 0:00:05]} 39. Re3 {[%emt 0:00:08]} Qb1 {[%emt 0:00:
07]} 40. Rc3 {[%emt 0:00:03]} Rd7 {[%emt 0:00:09]} 41. Rd3 {[%emt 0:00:09]} Qc1
{[%emt 0:00:04]} 42. g3 {[%emt 0:00:02]} Rc7 {[%emt 0:00:05]} 43. Rd1 {[%emt 0:
00:04]} Qc3 {[%emt 0:00:03]} 44. Rd3 {[%emt 0:00:01]} Qc6 {[%emt 0:00:01]} 45.
Qf6 {[%emt 0:00:08]} Qd7 {[%emt 0:00:01]} 46. Qf3 {[%emt 0:00:03]} Qe7 {[%emt
0:00:01]} 47. Qe3 {[%emt 0:00:03]} b5 {[%emt 0:00:01]} 48. Rb3 {[%emt 0:00:06]}
b4 {[%emt 0:00:03]} 49. Qd3+ {[%emt 0:00:02]} Kg7 {[%emt 0:00:04]} 50. Qb5 {
[%emt 0:00:01]} Rb7 {[%emt 0:00:01]} 51. Qa5 {[%emt 0:00:01]} Qc7 {[%emt 0:00:
02]} 52. Qa1 {[%emt 0:00:06]} Qc4 {[%emt 0:00:02]} 53. Qb2 {[%emt 0:00:01]} a5
{[%emt 0:00:01]} 54. f4 {[%emt 0:00:02]} a4 {[%emt 0:00:04]} 55. Rf3 {[%emt 0:
00:01]} g4 {[%emt 0:00:01]} 56. Rf2 {[%emt 0:00:01]} a3 {[%emt 0:00:01]} 57.
Qd2 {[%emt 0:00:03]} b3 {[%emt 0:00:02]} 58. Qd1 {[%emt 0:00:00]} b2 {[%emt 0:
00:05]} 59. Qxg4+ {[%emt 0:00:01]} Kh7 {[%emt 0:00:01]} 60. f5 {[%emt 0:00:02]}
b1=Q {[%emt 0:00:02]} 61. f6 {[%emt 0:00:01]} Qg1+ {[%emt 0:00:13]} 62. Kxg1 {
[%emt 0:00:02]} Qc1+ {[%emt 0:00:01]} 63. Kg2 {[%emt 0:00:08]} Qg5 {[%emt 0:00:
01]} 64. Qd1 {[%emt 0:00:05]} Ra7 {[%emt 0:00:01]} 65. Ra2 {[%emt 0:00:02]} Qf5
{[%emt 0:00:02]} 66. Qf3 {[%emt 0:00:02]} Qg5 {[%emt 0:00:03]} 67. Rxa3 {[%emt
0:00:02]} Rxa3 {[%emt 0:00:06]} 68. Qxa3 {[%emt 0:00:00]} Qxh5 {[%emt 0:00:01]}
69. Qd3+ {[%emt 0:00:03]} Qg6 {[%emt 0:00:01]} 70. Qxg6+ {[%emt 0:00:04]} Kxg6
{[%emt 0:00:00]} 71. Kf3 {[%emt 0:00:01]} Kg5 {[%emt 0:00:00]} 72. g4 {[%emt 0:
00:02]} h5 {[%emt 0:00:01]} 73. gxh5 {[%emt 0:00:01]} Kxh5 {[%emt 0:00:00]} 74.
Kg3 {[%emt 0:00:05]} Kg5 {[%emt 0:00:00]} 75. Kf3 {[%emt 0:00:00]} Kf5 {[%emt
0:00:01]} 76. Ke3 {[%emt 0:00:01]} Kg4 {[%emt 0:00:01]} 77. Ke2 {[%emt 0:00:00]
} Kf4 {[%emt 0:00:00]} 78. Kd3 {[%emt 0:00:01]} Kf3 {[%emt 0:00:01]} 79. Kd2 {
[%emt 0:00:01]} Ke4 {[%emt 0:00:01]} 80. Kc3 {[%emt 0:00:00]} Ke3 {[%emt 0:00:
00]} 81. Kb4 {[%emt 0:00:01]} Kxd4 {[%emt 0:00:01]} 82. Kb5 {[%emt 0:00:00]}
Kxe5 {[%emt 0:00:00]} 83. Kc5 {[%emt 0:00:01]} Kxf6 {[%emt 0:00:00] Novoselski
resigns} 0-1

[Event "Benidorm Satellite preliminary"]
[Site "playchess.com #007036"]
[Date "2009.10.24"]
[Round "11"]
[White "Pepecuenca2"]
[Black "Rashid"]
[Result "1-0"]
[WhiteElo "2427"]
[BlackElo "2124"]
[PlyCount "137"]
[EventDate "2009.10.24"]
[EventType "swiss (blitz)"]

1. e4 {[%emt 0:00:03]} e5 {[%emt 0:00:02]} 2. Nf3 {[%emt 0:00:02]} Nc6 {[%emt
0:00:04]} 3. Bb5 {[%emt 0:00:01]} f5 {[%emt 0:00:01]} 4. d3 {[%emt 0:00:03]}
fxe4 {[%emt 0:00:03]} 5. dxe4 {[%emt 0:00:01]} Nf6 {[%emt 0:00:01]} 6. O-O {
[%emt 0:00:04]} d6 {[%emt 0:00:01]} 7. Nfd2 {[%emt 0:00:02]} Be7 {[%emt 0:00:
05]} 8. Nc3 {[%emt 0:00:13]} O-O {[%emt 0:00:01]} 9. Bc4+ {[%emt 0:00:08]} Kh8
{[%emt 0:00:03]} 10. Nb3 {[%emt 0:00:01]} Qe8 {[%emt 0:00:12]} 11. f3 {[%emt 0:
00:08]} Nh5 {[%emt 0:00:11]} 12. Nd5 {[%emt 0:00:20]} Bd8 {[%emt 0:00:03]} 13.
Be3 {[%emt 0:00:04]} Qg6 {[%emt 0:00:05]} 14. Qe2 {[%emt 0:00:10]} Ne7 {[%emt
0:00:05] Pepecuenca2 reconnected.} 15. Nxe7 {[%emt 0:00:04]} Bxe7 {[%emt 0:00:
00]} 16. Nc1 {[%emt 0:00:02]} Bg5 {[%emt 0:00:13]} 17. Nd3 {[%emt 0:00:06]} Bh3
{[%emt 0:00:32]} 18. Rf2 {[%emt 0:00:15]} Bh4 {[%emt 0:00:21]} 19. Rff1 {[%emt
0:00:12]} Bg5 {[%emt 0:00:10]} 20. Bxg5 {[%emt 0:00:04]} Qxg5 {[%emt 0:00:01]}
21. Kh1 {[%emt 0:00:03]} Bd7 {[%emt 0:00:12]} 22. Rad1 {[%emt 0:00:08]} Qh4 {
[%emt 0:00:03]} 23. Qf2 {[%emt 0:00:03]} Qg5 {[%emt 0:00:06]} 24. Qd2 {[%emt 0:
00:05]} Qh4 {[%emt 0:00:04]} 25. Kg1 {[%emt 0:00:01]} Rae8 {[%emt 0:00:06]} 26.
Qf2 {[%emt 0:00:07]} Qg5 {[%emt 0:00:03]} 27. Qxa7 {[%emt 0:00:03]} Bh3 {[%emt
0:00:17]} 28. Qf2 {[%emt 0:00:07]} Bc8 {[%emt 0:00:03]} 29. Kh1 {[%emt 0:00:06]
} Rf6 {[%emt 0:00:01]} 30. Qd2 {[%emt 0:00:22]} Qh4 {[%emt 0:00:04]} 31. Qe1 {
[%emt 0:00:04]} Qg5 {[%emt 0:00:04]} 32. Rd2 {[%emt 0:00:21]} Rh6 {[%emt 0:00:
05]} 33. Kg1 {[%emt 0:00:01]} Rf8 {[%emt 0:00:08]} 34. Rdf2 {[%emt 0:00:04]} b6
{[%emt 0:00:03]} 35. Re2 {[%emt 0:00:03]} Bd7 {[%emt 0:00:11]} 36. b3 {[%emt 0:
00:06]} Bc8 {[%emt 0:00:03]} 37. a4 {[%emt 0:00:01]} Bd7 {[%emt 0:00:01]} 38.
Bb5 {[%emt 0:00:00]} Bxb5 {[%emt 0:00:04]} 39. axb5 {[%emt 0:00:01]} Rg6 {
[%emt 0:00:03]} 40. Qc3 {[%emt 0:00:03]} Rf7 {[%emt 0:00:10]} 41. Qa1 {[%emt 0:
00:01]} Rf8 {[%emt 0:00:03]} 42. Qa7 {[%emt 0:00:02]} Qe7 {[%emt 0:00:05]} 43.
Qa4 {[%emt 0:00:05]} Rh6 {[%emt 0:00:02]} 44. Qa1 {[%emt 0:00:04]} Qh4 {[%emt
0:00:03]} 45. Qe1 {[%emt 0:00:01]} Qf6 {[%emt 0:00:02]} 46. b4 {[%emt 0:00:03]}
Qg5 {[%emt 0:00:01]} 47. c4 {[%emt 0:00:02]} Qf6 {[%emt 0:00:01]} 48. c5 {
[%emt 0:00:00]} bxc5 {[%emt 0:00:01]} 49. bxc5 {[%emt 0:00:00]} Qg5 {[%emt 0:
00:01]} 50. cxd6 {[%emt 0:00:02]} Rxd6 {[%emt 0:00:02]} 51. Re3 {[%emt 0:00:02]
} Rfd8 {[%emt 0:00:03]} 52. Qe2 {[%emt 0:00:03]} h6 {[%emt 0:00:02]} 53. g3 {
[%emt 0:00:02]} Kh7 {[%emt 0:00:06]} 54. Kh1 {[%emt 0:00:03]} Qg6 {[%emt 0:00:
02]} 55. Rg1 {[%emt 0:00:02]} Qe6 {[%emt 0:00:01]} 56. Nf2 {[%emt 0:00:01]} Nf6
{[%emt 0:00:02]} 57. Rc3 {[%emt 0:00:01]} Rd2 {[%emt 0:00:01]} 58. Qe3 {[%emt
0:00:01]} Nh5 {[%emt 0:00:02]} 59. Rxc7 {[%emt 0:00:03]} Qa2 {[%emt 0:00:02]}
60. Rf1 {[%emt 0:00:04]} Re2 {[%emt 0:00:01]} 61. Qc5 {[%emt 0:00:02]} Rdd2 {
[%emt 0:00:03]} 62. Qxe5 {[%emt 0:00:05]} Rxf2 {[%emt 0:00:08]} 63. Qf5+ {
[%emt 0:00:01]} Kh8 {[%emt 0:00:02]} 64. Rc8+ {[%emt 0:00:02]} Qg8 {[%emt 0:00:
01]} 65. Rxg8+ {[%emt 0:00:01]} Kxg8 {[%emt 0:00:00]} 66. Rxf2 {[%emt 0:00:01]}
Nxg3+ {[%emt 0:00:04]} 67. hxg3 {[%emt 0:00:01]} Rxf2 {[%emt 0:00:01]} 68. b6 {
[%emt 0:00:01]} Rxf3 {[%emt 0:00:01]} 69. Qxf3 {[%emt 0:00:01] Rashid gibt auf}
1-0

[Event "Benidorm Satellite preliminary"]
[Site "playchess.com #007036"]
[Date "2009.10.24"]
[Round "11"]
[White "Goldaxe"]
[Black "Palmolive"]
[Result "1/2-1/2"]
[WhiteElo "2093"]
[BlackElo "2367"]
[PlyCount "149"]
[EventDate "2009.10.24"]
[EventType "swiss (blitz)"]

1. Nf3 {[%emt 0:00:02]} Nf6 {[%emt 0:00:02]} 2. c4 {[%emt 0:00:01]} g6 {[%emt
0:00:01]} 3. b4 {[%emt 0:00:01]} Bg7 {[%emt 0:00:02]} 4. Bb2 {[%emt 0:00:00]}
O-O {[%emt 0:00:02]} 5. g3 {[%emt 0:00:01]} a5 {[%emt 0:00:04]} 6. a3 {[%emt 0:
00:02]} axb4 {[%emt 0:00:05]} 7. axb4 {[%emt 0:00:00]} Rxa1 {[%emt 0:00:01]} 8.
Bxa1 {[%emt 0:00:01]} Nc6 {[%emt 0:00:01]} 9. b5 {[%emt 0:00:02]} Na5 {[%emt 0:
00:02]} 10. d3 {[%emt 0:00:05]} d5 {[%emt 0:00:03]} 11. cxd5 {[%emt 0:00:03]}
Qxd5 {[%emt 0:00:05]} 12. Nc3 {[%emt 0:00:04]} Qb3 {[%emt 0:00:03]} 13. Qxb3 {
[%emt 0:00:11]} Nxb3 {[%emt 0:00:01]} 14. Bb2 {[%emt 0:00:00]} Ne8 {[%emt 0:00:
11]} 15. Nd2 {[%emt 0:00:49]} Nd4 {[%emt 0:00:30]} 16. Nc4 {[%emt 0:00:17]} Nd6
{[%emt 0:00:07]} 17. Nd5 {[%emt 0:00:09]} Be6 {[%emt 0:00:23]} 18. Bg2 {[%emt
0:00:35]} Bxd5 {[%emt 0:00:07]} 19. Bxd5 {[%emt 0:00:01]} N4xb5 {[%emt 0:00:08]
} 20. Bxg7 {[%emt 0:00:04]} Kxg7 {[%emt 0:00:01]} 21. Nxd6 {[%emt 0:00:09]}
Nxd6 {[%emt 0:00:03]} 22. Kd2 {[%emt 0:00:02]} Ra8 {[%emt 0:00:03]} 23. Rb1 {
[%emt 0:00:05]} c6 {[%emt 0:00:02]} 24. Bc4 {[%emt 0:00:15]} e5 {[%emt 0:00:02]
} 25. Rb2 {[%emt 0:00:08]} Kf6 {[%emt 0:00:03]} 26. e4 {[%emt 0:00:03]} Ke7 {
[%emt 0:00:03]} 27. f4 {[%emt 0:00:03]} f6 {[%emt 0:00:01]} 28. Ke3 {[%emt 0:
00:02]} Kd7 {[%emt 0:00:02]} 29. h4 {[%emt 0:00:07]} Kc7 {[%emt 0:00:01]} 30.
h5 {[%emt 0:00:02]} Ra3 {[%emt 0:00:04]} 31. Bg8 {[%emt 0:00:04]} gxh5 {[%emt
0:00:05]} 32. Rh2 {[%emt 0:00:07]} Ra8 {[%emt 0:00:17]} 33. Bxh7 {[%emt 0:00:
03]} b5 {[%emt 0:00:04]} 34. Rxh5 {[%emt 0:00:04]} b4 {[%emt 0:00:01]} 35. Rh1
{[%emt 0:00:18]} Rh8 {[%emt 0:00:02]} 36. fxe5 {[%emt 0:00:04]} fxe5 {[%emt 0:
00:01]} 37. g4 {[%emt 0:00:00]} Nf7 {[%emt 0:00:01]} 38. Rh5 {[%emt 0:00:06]}
Kd6 {[%emt 0:00:02]} 39. Bg6 {[%emt 0:00:01]} Rxh5 {[%emt 0:00:02]} 40. gxh5 {
[%emt 0:00:00]} Nh6 {[%emt 0:00:02]} 41. d4 {[%emt 0:00:01]} Ng4+ {[%emt 0:00:
06]} 42. Kd3 {[%emt 0:00:02]} c5 {[%emt 0:00:06]} 43. dxc5+ {[%emt 0:00:02]}
Kxc5 {[%emt 0:00:01]} 44. Bf5 {[%emt 0:00:01]} Nh6 {[%emt 0:00:02]} 45. Be6 {
[%emt 0:00:00]} Kb5 {[%emt 0:00:12]} 46. Kc2 {[%emt 0:00:04]} Ka4 {[%emt 0:00:
05]} 47. Kb2 {[%emt 0:00:01]} Kb5 {[%emt 0:00:04]} 48. Kb3 {[%emt 0:00:01]} Kc5
{[%emt 0:00:01]} 49. Ka4 {[%emt 0:00:04]} Kd4 {[%emt 0:00:03]} 50. Kxb4 {[%emt
0:00:01]} Kxe4 {[%emt 0:00:01]} 51. Kc3 {[%emt 0:00:01]} Ke3 {[%emt 0:00:05]}
52. Kc2 {[%emt 0:00:02]} Ke2 {[%emt 0:00:06]} 53. Kc3 {[%emt 0:00:05]} e4 {
[%emt 0:00:02]} 54. Kd4 {[%emt 0:00:02]} e3 {[%emt 0:00:01]} 55. Bc4+ {[%emt 0:
00:01]} Kf3 {[%emt 0:00:06]} 56. Ke5 {[%emt 0:00:01]} Nf7+ {[%emt 0:00:29] '}
57. Kf6 {[%emt 0:00:04]} Nd6 {[%emt 0:00:02]} 58. Ba6 {[%emt 0:00:02]} Ne4+ {
[%emt 0:00:10]} 59. Ke5 {[%emt 0:00:01]} Ng5 {[%emt 0:00:05]} 60. Kf5 {[%emt 0:
00:02]} Nh7 {[%emt 0:00:02]} 61. h6 {[%emt 0:00:01]} Kg3 {[%emt 0:00:06]} 62.
Kg6 {[%emt 0:00:01]} Nf8+ {[%emt 0:00:01]} 63. Kf7 {[%emt 0:00:03]} Nh7 {[%emt
0:00:01]} 64. Kg6 {[%emt 0:00:01]} Nf8+ {[%emt 0:00:01]} 65. Kg7 {[%emt 0:00:
01]} Ne6+ {[%emt 0:00:01]} 66. Kf6 {[%emt 0:00:03]} Nf8 {[%emt 0:00:01]} 67.
Kf7 {[%emt 0:00:01]} Nh7 {[%emt 0:00:02]} 68. Bd3 {[%emt 0:00:01]} Ng5+ {[%emt
0:00:01]} 69. Kg6 {[%emt 0:00:01]} Kg4 {[%emt 0:00:02]} 70. Be2+ {[%emt 0:00:
04]} Kf4 {[%emt 0:00:02]} 71. Bd1 {[%emt 0:00:03]} Ne6 {[%emt 0:00:01]} 72. Kf6
{[%emt 0:00:03]} Ng5 {[%emt 0:00:01]} 73. Kg6 {[%emt 0:00:02]} Ne6 {[%emt 0:00:
01]} 74. Be2 {[%emt 0:00:02]} Ng5 {[%emt 0:00:02]} 75. Bd1 {[%emt 0:00:02]}
1/2-1/2

[Event "Benidorm Satellite preliminary"]
[Site "playchess.com #007036"]
[Date "2009.10.24"]
[Round "11"]
[White "Xankov"]
[Black "Altamiro"]
[Result "0-1"]
[WhiteElo "1826"]
[BlackElo "2095"]
[PlyCount "142"]
[EventDate "2009.10.24"]
[EventType "swiss (blitz)"]

1. c4 {[%emt 0:00:01]} e5 {[%emt 0:00:01]} 2. g3 {[%emt 0:00:02]} Nf6 {[%emt 0:
00:01]} 3. Bg2 {[%emt 0:00:07]} c6 {[%emt 0:00:01]} 4. Nc3 {[%emt 0:00:07]} Bb4
{[%emt 0:00:01]} 5. Nf3 {[%emt 0:00:19]} Bxc3 {[%emt 0:00:01]} 6. bxc3 {[%emt
0:00:04]} e4 {[%emt 0:00:01]} 7. Nd4 {[%emt 0:00:25]} O-O {[%emt 0:00:03]} 8.
c5 {[%emt 0:00:12]} Qa5 {[%emt 0:00:25]} 9. Nb3 {[%emt 0:00:06]} Qa4 {[%emt 0:
00:06]} 10. O-O {[%emt 0:00:08]} Na6 {[%emt 0:00:01]} 11. d4 {[%emt 0:00:20]}
exd3 {[%emt 0:00:05]} 12. exd3 {[%emt 0:00:11]} b6 {[%emt 0:00:01]} 13. cxb6 {
[%emt 0:00:04]} axb6 {[%emt 0:00:01]} 14. d4 {[%emt 0:00:02]} d5 {[%emt 0:00:
06]} 15. Bg5 {[%emt 0:00:05]} Ne4 {[%emt 0:00:14]} 16. Bxe4 {[%emt 0:00:19]}
dxe4 {[%emt 0:00:00]} 17. Qh5 {[%emt 0:00:13]} Qc4 {[%emt 0:00:15]} 18. Bf4 {
[%emt 0:00:13]} Be6 {[%emt 0:00:25]} 19. Rfe1 {[%emt 0:00:05]} Qd5 {[%emt 0:00:
04]} 20. Qe5 {[%emt 0:00:12]} Qxe5 {[%emt 0:00:11]} 21. Bxe5 {[%emt 0:00:03]}
f6 {[%emt 0:00:06]} 22. Bf4 {[%emt 0:00:03]} f5 {[%emt 0:00:14]} 23. Be5 {
[%emt 0:00:04]} Rac8 {[%emt 0:00:15]} 24. f4 {[%emt 0:00:04]} exf3 {[%emt 0:00:
14]} 25. Bxg7 {[%emt 0:00:05]} Kxg7 {[%emt 0:00:00]} 26. Rxe6 {[%emt 0:00:01]}
f4 {[%emt 0:00:00]} 27. Kf2 {[%emt 0:00:03]} fxg3+ {[%emt 0:00:01]} 28. hxg3 {
[%emt 0:00:02]} Rf6 {[%emt 0:00:09]} 29. Rxf6 {[%emt 0:00:05]} Kxf6 {[%emt 0:
00:01]} 30. Kxf3 {[%emt 0:00:01]} c5 {[%emt 0:00:01]} 31. Rh1 {[%emt 0:00:03]}
Kg6 {[%emt 0:00:04]} 32. d5 {[%emt 0:00:03]} c4 {[%emt 0:00:08]} 33. Nd2 {
[%emt 0:00:06]} Rc5 {[%emt 0:00:04]} 34. Ke4 {[%emt 0:00:01]} Nc7 {[%emt 0:00:
02]} 35. Kd4 {[%emt 0:00:07]} Rxd5+ {[%emt 0:00:05]} 36. Ke3 {[%emt 0:00:01]}
Rd3+ {[%emt 0:00:02]} 37. Ke2 {[%emt 0:00:04]} Rxc3 {[%emt 0:00:02]} 38. Rb1 {
[%emt 0:00:02]} Nd5 {[%emt 0:00:04]} 39. Rb5 {[%emt 0:00:03]} Re3+ {[%emt 0:00:
20] '} 40. Kf2 {[%emt 0:00:03]} Re5 {[%emt 0:00:24]} 41. Nxc4 {[%emt 0:00:01]}
Rf5+ {[%emt 0:00:00]} 42. Kg2 {[%emt 0:00:02]} Ne3+ {[%emt 0:00:01]} 43. Nxe3 {
[%emt 0:00:01]} Rxb5 {[%emt 0:00:01]} 44. Nc4 {[%emt 0:00:02]} Rc5 {[%emt 0:00:
01]} 45. Nxb6 {[%emt 0:00:02]} Rc2+ {[%emt 0:00:01]} 46. Kf3 {[%emt 0:00:01]}
Rxa2 {[%emt 0:00:00]} 47. Nd5 {[%emt 0:00:01]} Ra3+ {[%emt 0:00:00]} 48. Kg2 {
[%emt 0:00:01]} Ra5 {[%emt 0:00:04]} 49. Nf4+ {[%emt 0:00:01]} Kf5 {[%emt 0:00:
01]} 50. Kh3 {[%emt 0:00:02]} Ra3 {[%emt 0:00:02]} 51. Kh4 {[%emt 0:00:01]} Rf3
{[%emt 0:00:02]} 52. Nh5 {[%emt 0:00:04]} h6 {[%emt 0:00:05]} 53. Ng7+ {[%emt
0:00:03]} Kg6 {[%emt 0:00:01]} 54. Ne6 {[%emt 0:00:01]} Ra3 {[%emt 0:00:03]}
55. Nf4+ {[%emt 0:00:02]} Kg7 {[%emt 0:00:01]} 56. g4 {[%emt 0:00:01]} Ra4 {
[%emt 0:00:01]} 57. Nh5+ {[%emt 0:00:02]} Kh7 {[%emt 0:00:02]} 58. Nf6+ {[%emt
0:00:01]} Kg6 {[%emt 0:00:01]} 59. Nd5 {[%emt 0:00:03]} Ra1 {[%emt 0:00:03]}
60. Nf4+ {[%emt 0:00:03]} Kh7 {[%emt 0:00:01]} 61. Kg3 {[%emt 0:00:03]} Rg1+ {
[%emt 0:00:04]} 62. Kf3 {[%emt 0:00:02]} Rf1+ {[%emt 0:00:02]} 63. Kg3 {[%emt
0:00:01]} Rb1 {[%emt 0:00:02]} 64. Kf3 {[%emt 0:00:02]} Rb3+ {[%emt 0:00:01]}
65. Ke4 {[%emt 0:00:01]} Kg7 {[%emt 0:00:04]} 66. Kf5 {[%emt 0:00:03]} Rb5+ {
[%emt 0:00:02]} 67. Ke4 {[%emt 0:00:01]} Kf6 {[%emt 0:00:03]} 68. Nd5+ {[%emt
0:00:06]} Kg5 {[%emt 0:00:02]} 69. Ne3 {[%emt 0:00:03]} Rb4+ {[%emt 0:00:01]}
70. Kf3 {[%emt 0:00:05]} Rb3 {[%emt 0:00:01]} 71. Kf2 {[%emt 0:00:01]} Kf4 {
[%emt 0:00:02] Tempo} 0-1

[Event "Benidorm Satellite preliminary"]
[Site "playchess.com #007036"]
[Date "2009.10.24"]
[Round "11"]
[White "Yang Guo"]
[Black "Antoine2"]
[Result "1-0"]
[WhiteElo "2829"]
[BlackElo "2891"]
[PlyCount "147"]
[EventDate "2009.10.24"]
[EventType "swiss (blitz)"]

1. e4 {[%emt 0:00:01]} e6 {[%emt 0:00:01]} 2. d4 {[%emt 0:00:02]} d5 {[%emt 0:
00:00]} 3. Nc3 {[%emt 0:00:03]} Nf6 {[%emt 0:00:01]} 4. Bg5 {[%emt 0:00:04]
Yang Guo offers a draw} Bb4 {[%emt 0:00:01]} 5. e5 {[%emt 0:00:05]} h6 {[%emt
0:00:19]} 6. Be3 {[%emt 0:00:14]} Ne4 {[%emt 0:00:03]} 7. Qg4 {[%emt 0:00:03]}
g6 {[%emt 0:00:01]} 8. a3 {[%emt 0:00:05]} Bxc3+ {[%emt 0:00:02]} 9. bxc3 {
[%emt 0:00:00]} Nxc3 {[%emt 0:00:00]} 10. Bd3 {[%emt 0:00:02]} Nc6 {[%emt 0:00:
05]} 11. h4 {[%emt 0:00:30]} Ne7 {[%emt 0:00:02]} 12. h5 {[%emt 0:00:04]} g5 {
[%emt 0:00:01]} 13. Ne2 {[%emt 0:00:12]} Nxe2 {[%emt 0:00:03]} 14. Qxe2 {[%emt
0:00:00]} c5 {[%emt 0:00:29]} 15. dxc5 {[%emt 0:00:05]} Nc6 {[%emt 0:00:04]}
16. O-O {[%emt 0:00:03]} Qc7 {[%emt 0:00:21]} 17. f4 {[%emt 0:00:17]} Rg8 {
[%emt 0:00:13]} 18. Rae1 {[%emt 0:00:27]} g4 {[%emt 0:00:13] Yang Guo
reconnected. Antoine2 réclame le gain suite à déconnexion} 19. Qf2 {[%emt 0:00:
05] Antoine2 réclame le gain suite à déconnexion} g3 {[%emt 0:00:20]} 20. Qf3 {
[%emt 0:00:04]} Qd8 {[%emt 0:00:07]} 21. Rd1 {[%emt 0:00:06]} Qh4 {[%emt 0:00:
07]} 22. Rfe1 {[%emt 0:00:01]} Bd7 {[%emt 0:00:05]} 23. Rb1 {[%emt 0:00:06]} d4
{[%emt 0:00:06]} 24. Bd2 {[%emt 0:00:02]} Rb8 {[%emt 0:00:19]} 25. Be4 {[%emt
0:00:07]} Kf8 {[%emt 0:00:08]} 26. Bd3 {[%emt 0:00:14]} Rg4 {[%emt 0:00:09]}
27. Kf1 {[%emt 0:00:10]} Ne7 {[%emt 0:00:05]} 28. Be4 {[%emt 0:00:07]} Bc6 {
[%emt 0:00:06]} 29. Ke2 {[%emt 0:00:07]} Bxe4 {[%emt 0:00:08]} 30. Qxe4 {[%emt
0:00:00]} Qxh5 {[%emt 0:00:00]} 31. Qf3 {[%emt 0:00:05]} Nd5 {[%emt 0:00:05]}
32. c6 {[%emt 0:00:06]} b6 {[%emt 0:00:03]} 33. Kd1 {[%emt 0:00:11]} Rc8 {
[%emt 0:00:01]} 34. Rb3 {[%emt 0:00:10]} Rxc6 {[%emt 0:00:01]} 35. Rd3 {[%emt
0:00:01]} Qf5 {[%emt 0:00:01]} 36. Rh1 {[%emt 0:00:01]} Kg7 {[%emt 0:00:02]}
37. Rh3 {[%emt 0:00:03]} Qg6 {[%emt 0:00:02]} 38. Rxg3 {[%emt 0:00:01]} h5 {
[%emt 0:00:08]} 39. Rxg4 {[%emt 0:00:02]} hxg4 {[%emt 0:00:00]} 40. Qf2 {[%emt
0:00:01]} Qh5 {[%emt 0:00:01]} 41. Qxd4 {[%emt 0:00:03]} Qh1+ {[%emt 0:00:01]}
42. Be1 {[%emt 0:00:00]} Qxg2 {[%emt 0:00:01]} 43. c4 {[%emt 0:00:05]} Ne7 {
[%emt 0:00:03]} 44. Rg3 {[%emt 0:00:02]} Nf5 {[%emt 0:00:12] '} 45. Rxg2 {
[%emt 0:00:02]} Nxd4 {[%emt 0:00:01]} 46. Rxg4+ {[%emt 0:00:00]} Kf8 {[%emt 0:
00:00]} 47. Bb4+ {[%emt 0:00:01]} Ke8 {[%emt 0:00:00]} 48. Rg8+ {[%emt 0:00:02]
} Kd7 {[%emt 0:00:00]} 49. Rf8 {[%emt 0:00:00]} Rxc4 {[%emt 0:00:00]} 50. Rxf7+
{[%emt 0:00:00]} Kc6 {[%emt 0:00:00]} 51. Rxa7 {[%emt 0:00:01]} Nb5 {[%emt 0:
00:01]} 52. Re7 {[%emt 0:00:02]} Rxf4 {[%emt 0:00:02]} 53. Rxe6+ {[%emt 0:00:
01]} Kb7 {[%emt 0:00:00]} 54. Re7+ {[%emt 0:00:01]} Kc6 {[%emt 0:00:01]} 55. e6
{[%emt 0:00:01]} Nd4 {[%emt 0:00:01]} 56. Re8 {[%emt 0:00:04]} Nf5 {[%emt 0:00:
19]} 57. e7 {[%emt 0:00:04]} Rd4+ {[%emt 0:00:00]} 58. Kc2 {[%emt 0:00:02]} Re4
{[%emt 0:00:04]} 59. Rc8+ {[%emt 0:00:02]} Kd7 {[%emt 0:00:00]} 60. Rd8+ {
[%emt 0:00:01]} Kc7 {[%emt 0:00:02]} 61. e8=Q {[%emt 0:00:00]} Rxe8 {[%emt 0:
00:01]} 62. Rxe8 {[%emt 0:00:00]} Nd4+ {[%emt 0:00:00]} 63. Kd3 {[%emt 0:00:01]
Antoine2 propose la nulle} Nc6 {[%emt 0:00:01]} 64. Re4 {[%emt 0:00:01]} Kd7 {
[%emt 0:00:01]} 65. Kc4 {[%emt 0:00:01]} Kc7 {[%emt 0:00:02]} 66. Bc3 {[%emt 0:
00:01]} Kd7 {[%emt 0:00:01]} 67. a4 {[%emt 0:00:01]} Kc7 {[%emt 0:00:01]} 68.
Rh4 {[%emt 0:00:02]} Kd6 {[%emt 0:00:01]} 69. Rh6+ {[%emt 0:00:01]} Kd7 {[%emt
0:00:05]} 70. Kb5 {[%emt 0:00:01]} Na7+ {[%emt 0:00:02]} 71. Kxb6 {[%emt 0:00:
01]} Nc8+ {[%emt 0:00:00]} 72. Kb7 {[%emt 0:00:00]} Nd6+ {[%emt 0:00:01]} 73.
Rxd6+ {[%emt 0:00:01]} Kxd6 {[%emt 0:00:00]} 74. a5 {[%emt 0:00:00] Antoine2
propose la nulle Antoine2 abandonne} 1-0